Low-cost Rigid-frame Exoskeleton Glove with Finger-joint Flexion Tracking Mapped onto a Robotic Hand /

Bibliographic Details
Main Author: Guerrero Jr., Roberto (Author)
Other Authors: Kim, Wŏn-jong (Thesis advisor)
Format: Thesis eBook
Language:English
Published: [College Station, Texas] : [Texas A & M University], [2015]
Subjects:
Online Access:Link to OAK Trust copy

MARC

Tag First Indicator Second Indicator Subfields
LEADER 00000cam a2200000Ki 4500
001 in00003607749
005 20170928112048.0
006 m fo d
007 cr unu||||||||
008 160302s2015 txu obm 000 0 eng d
035 |a (OCoLC)ocn942666595 
035 |a (OCoLC)942666595 
035 |a (TxCM)http://hdl.handle.net/1969.1/155298 
040 |a TXA  |b eng  |e rda  |e pn  |c TXA  |d UtOrBLW 
049 |a TXAM 
099 |a 2015  |a Thesis  |a 1969.1/155298 
100 1 |a Guerrero Jr., Roberto,  |e author. 
245 1 0 |a Low-cost Rigid-frame Exoskeleton Glove with Finger-joint Flexion Tracking Mapped onto a Robotic Hand /  |c by Roberto Guerrero. 
264 1 |a [College Station, Texas] :  |b [Texas A & M University],  |c [2015] 
300 |a 1 online resource. 
336 |a text  |b txt  |2 rdacontent 
337 |a computer  |b c  |2 rdamedia 
338 |a online resource  |b cr  |2 rdacarrier 
347 |a text file  |b PDF  |2 rda 
500 |a "Major Subject: Mechanical Engineering" 
500 |a Includes vita. 
502 |b Master of Science  |c Texas A & M University  |d 2015  |o http://hdl.handle.net/1969.1/155298 
504 |a Includes bibliographical references. 
516 |a Text (Thesis) 
520 3 |a This thesis provides a representation of a low-cost rigid-frame exoskeleton glove that is used to track finger-joint flexion mapped onto a robotic hand to mimic user movements. The overall setup consists of an exoskeleton glove (exo-glove), sensors, a microcontroller, and a telerobotic hand. The design of the exo-glove is crafted to fit onto a left hand. SolidWorks was used for the prototype designs which were then sent to the Stratasys 400 rapid prototyping machine to be 3D printed in ABS-M30 plastic. The exo-glove houses five rotary position sensors and three flexible sensors to track angle changes of the finger joints from two fingers and a thumb. Five low-pass filters are implemented as signal filtering for the rotary position sensors. An Arduino Mega microcontroller is connected to the sensors of the exo-glove and processes the input values. Using an open-loop controller to control the robotic hand, the values processed by the microcontroller from the exo-glove are sent to the servo motors on the robotic hand to operate the corresponding fingers of the user. Throughout the initial calibration and testing phase, each sensor was tested individually to ensure the sensor functionally performs well. Signal analysis was conducted on the sensors at steady state and while in operation to show fluctuations in sensor readings and response to finger flexion. Experimental results show that averaging sensor data in the processing code yields smoother values and better precision. Due to the use of low-pass filtering with the rotary position sensors, the data sets collected were grouped together tightly compared to the flex sensors without filtering. However, the actual angles measured were not accurately portrayed in sensor readings. The true flexion angles were compared in the data samplings to find a variety of ranges spanning around the angles desired to track. Many of the actual flexion angles were offset from the sensor readings by a variation of degrees, but the data shows the sensor readings were able to follow the general magnitude of the true flexion angles. The precision seen in the data was also apparent in the robotic hand mirroring the posture. Changes in sensor readings caused jerking movements to occur in the robotic fingers but were able to maintain an overall flexion mirroring of the RF exo-glove. There is quarter-second delay between the exo-glove sensor reading and the robotic hand mirroring capability when not implementing averaging. When averaging the sensor values, there was a delay of more than half a second between the exo-glove posture and robotic hand mirroring. The electronic version of this dissertation is accessible from http://hdl.handle.net/1969.1/155298 
588 |a Description from author supplied metadata (automated record created 2015-09-22 10:58:49). 
650 4 |a Major Mechanical Engineering. 
653 |a exo-glove 
653 |a exoskeleton glove 
653 |a flex sensors 
653 |a rotary position sensors 
653 |a rigid frame glove 
653 |a finger flexion tracking 
653 |a hand tracking 
653 |a hand rehabilitation 
653 |a finger rehabilitation 
700 1 |a Kim, Wŏn-jong,  |e thesis advisor.  |0 http://id.loc.gov/authorities/names/n80033867 
710 2 |a Texas A & M University,  |e degree granting institution.  |0 http://id.loc.gov/authorities/names/n80125885 
856 4 0 |u http://hdl.handle.net/1969.1/155298  |z Link to OAK Trust copy  |t 0 
994 |a C0  |b TXA 
948 |a cataloged  |b h  |c 2016/3/2  |d o  |e mbradley  |f 11:13:35 am 
999 f f |s 97a62652-92f8-3dfa-9e4a-94850c4bd2ae  |i 4d8459ba-3302-39e2-b1c8-0c37ac5f57e4  |t 0 
952 f f |a Texas A&M University  |b College Station  |c Electronic Resources  |d Available Online  |t 0  |e 2015 Thesis 1969.1/155298  |h Other scheme 
998 f f |a 2015 Thesis 1969.1/155298  |t 0  |l Available Online